Zamestnávanie absolventov

Problémy so zamestnávaním absolventov SŠ a VŠ. Absencia požadovanej praxe. Zamestnávanie absolventov môže priniesť obojstranné výhody, tak pre absolventa, ako aj pre zamestnávateľa.

Salvato in:
Dettagli Bibliografici
Autore principale: Kakaščíková, Jana
Natura: Capitolo di libro
Lingua:slovacco
Soggetti:
Tags: Aggiungi Tag
Nessun Tag, puoi essere il primo ad aggiungerne!!

MARC

LEADER 00000naa a2200000 4500
001 0149817
005 20231120125521.9
041 0 |a slo 
044 |a SK 
245 1 0 |a Zamestnávanie absolventov  |c Jana Kakaščíková 
520 |a Problémy so zamestnávaním absolventov SŠ a VŠ. Absencia požadovanej praxe. Zamestnávanie absolventov môže priniesť obojstranné výhody, tak pre absolventa, ako aj pre zamestnávateľa. 
610 2 0 |a absolventi 
610 2 0 |a zamestnanie 
610 2 0 |a prax odborná 
610 2 0 |a zamestnávatelia 
100 1 |a Kakaščíková, Jana